书目信息 |
| 题名: |
食品安全风险评估法律制度研究
|
|
| 作者: | 杨小敏, 著 | |
| 分册: | ||
| 出版信息: | 北京 北京大学出版社 2015 |
|
| 页数: | 385页 | |
| 开本: | 23cm | |
| 丛书名: | 宪政论丛 | |
| 单 册: | ||
| 中图分类: | D922.164 | |
| 科图分类: | ||
| 主题词: | 食品卫生法--shi pin wei sheng fa--研究--中国 | |
| 电子资源: | ||
| ISBN: | 978-7-301-25308-3 | |
| 000 | 01405nam0 22002891 450 | |
| 001 | 0116132746 | |
| 005 | 20161219100443.98 | |
| 010 | @a978-7-301-25308-3@dCNY45.00 | |
| 100 | @a20150128d2015 em y0chiy50 ea | |
| 101 | 0 | @achi |
| 102 | @aCN@b110000 | |
| 105 | @ay a 000yy | |
| 106 | @ar | |
| 200 | 1 | @a食品安全风险评估法律制度研究@9shi pin an quan feng xian ping gu fa lv zhi du yan jiu@dStudies on legal institutions of the food safety risk assessment@f杨小敏著@zeng |
| 210 | @a北京@c北京大学出版社@d2015 | |
| 215 | @a385页@d23cm | |
| 225 | 2 | @a宪政论丛@9xian zheng lun cong |
| 300 | @a国家社会科学基金青年项目资助 | |
| 320 | @a有书目 (第363-383页) | |
| 330 | @a本书在行政法的理论下,以食品安全风险评估中的基本理论、基本原则和各种具体制度为主要的研究对象,展现了我国食品安全风险评估各项制度的基本现状,借鉴了国际上一些国家和地区的先进经验,剖析了食品安全风险评估各项制度存在不足,探讨了在食品安全问题频发的社会背景下,行政法如何通过制度的变革和完善来为法定主体有效开展食品安全风险评估提供一种合法性的评价和理解框架,从而保障社会公众的身体健康和生命安全。 | |
| 461 | 0 | @12001 @a宪政论丛 |
| 510 | 1 | @aStudies on legal institutions of the food safety risk assessment@zeng |
| 606 | 0 | @a食品卫生法@9shi pin wei sheng fa@x研究@y中国 |
| 690 | @aD922.164@v5 | |
| 701 | 0 | @a杨小敏,@9yang xiao min ,@f1975-@4著 |
| 801 | 0 | @aCN@bTANGWEI@c20160510 |
| 905 | @b0952799-803@dD922.164@e1522@f5 | |
| 食品安全风险评估法律制度研究=Studies on legal institutions of the food safety risk assessment/杨小敏著.-北京:北京大学出版社,2015 |
| 385页;23cm.-(宪政论丛) |
| 国家社会科学基金青年项目资助 |
| ISBN 978-7-301-25308-3:CNY45.00 |
| 本书在行政法的理论下,以食品安全风险评估中的基本理论、基本原则和各种具体制度为主要的研究对象,展现了我国食品安全风险评估各项制度的基本现状,借鉴了国际上一些国家和地区的先进经验,剖析了食品安全风险评估各项制度存在不足,探讨了在食品安全问题频发的社会背景下,行政法如何通过制度的变革和完善来为法定主体有效开展食品安全风险评估提供一种合法性的评价和理解框架,从而保障社会公众的身体健康和生命安全。 |
| ● |
| 相关链接 |
|
|
|
|
正题名:食品安全风险评估法律制度研究
索取号:D922.164/1522
 
预约/预借
| 序号 | 登录号 | 条形码 | 馆藏地/架位号 | 状态 | 备注 |
| 1 | 0952799 | 209527993 | 第一样本阅览室/ [索取号:D922.164/1522] | 在馆 | |
| 2 | 0952800 | 209528000 | 第一借阅区/ [索取号:D922.164/1522] | 在馆 | |
| 3 | 0952801 | 209528019 | 第一借阅区/ [索取号:D922.164/1522] | 在馆 | |
| 4 | 0952802 | 209528028 | 第一借阅区/ [索取号:D922.164/1522] | 在馆 | |
| 5 | 0952803 | 209528037 | 第一借阅区/ [索取号:D922.164/1522] | 在馆 |